Air transport management: Strategic management in the airline industry (Record no. 5073)

MARC details
000 -LEADER
fixed length control field 00503nam a2200169Ia 4500
008 - FIXED-LENGTH DATA ELEMENTS--GENERAL INFORMATION
fixed length control field 230917s9999||||xx |||||||||||||| ||und||
020 ## - ISBN
Price GBP 44.99 (RS 4521.94)
040 ## - CATALOGING SOURCE
-- 5000454
Original cataloging agency VIVEKANANDA LIBRARY
041 ## - Language
-- English
082 ## - DDC NUMBER
Classification number 387.70684 S23A
100 ## - MAIN ENTRY--PERSONAL NAME
Personal name Samunderu, Eyden
245 #0 - TITLE STATEMENT
Title Air transport management: Strategic management in the airline industry
260 ## - PUBLICATION, DISTRIBUTION, ETC. (IMPRINT)
Place of publication, distribution, etc London
Name of publisher, distributor, etc Kogan Page
Date of publication, distribution, etc 2020
300 ## - PHYSICAL DESCRIPTION
Pages xii, 372 p.
500 ## - GENERAL NOTE
General note 4476 22/01/2022 HBD22/9236 28/01/2022 IHTM (SFS)
942 ## - ADDED ENTRY ELEMENTS (KOHA)
Koha item type Books
Holdings
Withdrawn status Lost status Damaged status Not for loan Location (home branch) Sublocation or collection (holding branch) Shelving location Date acquired Koha issues (times borrowed) Koha full call number Accession No. Koha date last seen Koha item type
        VIVEKANANDA LIBRARY VIVEKANANDA LIBRARY IHTM Library 28/03/2022   387.70684 S23A 394164 17/09/2023 Books
© Designed and Maintained by Vivekananda Library, MDU Rohtak